000 00378cam a2200181ua 4500
001 9708
008 181121n II |||gr||||Z||||||eng
040 _aMAIN
041 _aEnglish
041 _aeng
082 _a323.4 KHO
100 _aKHOUND & SHIBANI.
245 _aMANAB ADHIKAR
260 _a[s.l]:
_b[s.n].
300 _c20.00.
653 _aHuman Rights
942 _cBK
999 _c9680
_d9680